[Event "Olympiad Women-44"]
[Site "Chennai"]
[Date "2022.08.02"]
[Round "5.3"]
[White "Mirza, Diana"]
[Black "Saidova, Rukhshona"]
[Result "1-0"]
[WhiteElo "1898"]
[BlackElo "1624"]
[PlyCount "83"]
[EventDate "2022.07.29"]
[EventType "team-swiss"]
[EventRounds "11"]
[EventCountry "IND"]
[SourceTitle "CBM 210"]
[Source "ChessBase"]
[SourceDate "2022.10.31"]
[SourceVersion "1"]
[SourceVersionDate "2022.10.31"]
[SourceQuality "1"]
[WhiteTeam "Ireland (W)"]
[BlackTeam "Tajikistan (W)"]
[WhiteTeamCountry "IRL"]
[BlackTeamCountry "TJK"]

1. d4 Nf6 2. c4 g6 3. f3 Bg7 4. e4 d6 5. Nc3 0-0 6. Be3 e5 7. Nge2 Nh5 8. g4 Nf6 9. Qd2 Nc6 10. d5 Ne7 11. Bh6 c6 12. h4 cxd5 13. cxd5 Qb6 14. Bxg7 Kxg7 15. h5 Neg8 16. 0-0-0 Qf2 17. Bh3 b5 18. Rdf1 Qc5 19. Kb1 b4 20. Nd1 Ba6 21. Rfg1 Qc4 22. Nc1 Rab8 23. Ne3 Qc7 24. g5 Ne8 25. Qh2 Kh8 26. Bg4 b3 27. a3 Rb7 28. Rg3 Bb5 29. Rh3 a5 30. f4 Qe7 31. hxg6 fxg6 32. f5 Ngf6 33. gxf6 Nxf6 34. fxg6 Be8 35. g7+ Qxg7 36. Bf5 Bg6 37. Rg1 Kg8 38. Bxg6 hxg6 39. Nf5 gxf5 40. Rh8+ Kf7 41. Rxg7+ Kxg7 42. Qh6+ 1-0

[Event "Olympiad Women-44"]
[Site "Chennai"]
[Date "2022.07.29"]
[Round "1.3"]
[White "Saidova, Rukhshona"]
[Black "Sachdev, Tania"]
[Result "0-1"]
[WhiteElo "1624"]
[BlackElo "2399"]
[PlyCount "206"]
[EventDate "2022.07.29"]
[EventType "team-swiss"]
[EventRounds "11"]
[EventCountry "IND"]
[SourceTitle "CBM 210"]
[Source "ChessBase"]
[SourceDate "2022.10.31"]
[SourceVersion "1"]
[SourceVersionDate "2022.10.31"]
[SourceQuality "1"]
[WhiteTeam "Tajikistan (W)"]
[BlackTeam "India (W)"]
[WhiteTeamCountry "TJK"]
[BlackTeamCountry "IND"]

1. e4 e5 2. Nf3 Nc6 3. Bb5 a6 4. Ba4 Nf6 5. 0-0 Be7 6. Re1 b5 7. Bb3 d6 8. c3 0-0 9. h3 h6 10. d4 Re8 11. Nbd2 Bf8 12. Nf1 Bd7 13. Ng3 Na5 14. Bc2 c5 15. a4 Nc6 16. axb5 axb5 17. Rxa8 Qxa8 18. dxc5 dxc5 19. Nh4 g6 20. Qf3 Nh7 21. Nf1 Nd8 22. Qg3 Kh8 23. Ne3 Bg7 24. Nd5 Qb7 25. Rd1 Bc6 26. Nf3 Kg8 27. Nh2 h5 28. Be3 Ne6 29. Nf3 Qb8 30. Ng5 Nhxg5 31. Bxg5 Nxg5 32. Qxg5 Qb7 33. f3 Re6 34. Qd8+ Kh7 35. Qh4 Bh6 36. g4 hxg4 37. hxg4 g5 38. Qh5 Rd6 39. Ne3 Rxd1+ 40. Bxd1 Qd7 41. Be2 Qe6 42. Nf5 Qg6 43. Qxg6+ fxg6 44. Ne7 Bd7 45. Nd5 Kg7 46. Nc7 c4 47. Kf2 Kf7 48. Ke3 Bf8 49. Nd5 Ke6 50. Kd2 Bc5 51. Ne3 Kd6 52. Bd1 Be6 53. Be2 Kc6 54. Nf1 Bf2 55. Kc2 Kc5 56. Nd2 Be3 57. Nb1 Bf4 58. Nd2 b4 59. Nb1 Bd7 60. b3 cxb3+ 61. Kxb3 Be6+ 62. Kb2 Be3 63. cxb4+ Kxb4 64. Kc2 Bb3+ 65. Kd3 Bd4 66. Nd2 Ba4 67. Nb1 Bd7 68. Kd2 Kb3 69. Bd3 Kb2 70. Ke2 Kc1 71. Nd2 Ba4 72. Nc4 Bd1+ 73. Ke1 Bxf3 74. Nd6 Be3 75. Be2 Bh1 76. Bd3 Bf3 77. Be2 Bg2 78. Bd3 Bh3 79. Be2 Kc2 80. Nf7 Bf4 81. Bf3 Kd3 82. Kf2 Kd2 83. Nh8 Be3+ 84. Kg3 Bf1 85. Nxg6 Ke1 86. Bg2 Bc4 87. Kh3 Bf4 88. Ne7 Ke2 89. Nd5 Kf2 90. Nc3 Ke3 91. Nd1+ Kd2 92. Nf2 Ke2 93. Nh1 Bd3 94. Ng3+ Bxg3 95. Kxg3 Ke3 96. Bf3 Bxe4 97. Bd1 Bd3 98. Bf3 Kd2 99. Kf2 e4 100. Bxe4 Bxe4 101. Kg3 Ke3 102. Kh2 Kf4 103. Kh3 Bd5 0-1